বাঙলা ভাষায় ফৌজদারী আইন = (The Criminal Procedure Code) / (Record no. 63272)
[ view plain ]
| 000 -LEADER | |
|---|---|
| fixed length control field | 00897nam a2200229 a 4500 |
| 001 - CONTROL NUMBER | |
| control field | 63272 |
| 003 - CONTROL NUMBER IDENTIFIER | |
| rucl marc code | BD-RjUL |
| 005 - DATE AND TIME OF LATEST TRANSACTION | |
| control field | 20211209081157.0 |
| 008 - FIXED-LENGTH DATA ELEMENTS--GENERAL INFORMATION | |
| fixed length control field | 170129s1974 bg ||||| |||| 00| 0 ben d |
| 035 ## - SYSTEM CONTROL NUMBER | |
| System control number | (BD-RjUL)63401 |
| 040 ## - CATALOGING SOURCE | |
| Original cataloging agency | BD-RjUL |
| Language of cataloging | ben |
| Transcribing agency | BD-RjUL |
| Modifying agency | BD-RjUL |
| 041 ## - LANGUAGE CODE | |
| Language code of text/sound track or separate title | ben |
| 082 ## - DEWEY DECIMAL CLASSIFICATION NUMBER | |
| Edition number | 23 |
| Classification number | 345.01 |
| Author mark and year | BAN 1974 |
| 245 00 - TITLE STATEMENT | |
| Title | বাঙলা ভাষায় ফৌজদারী আইন = (The Criminal Procedure Code) / |
| Statement of responsibility, etc. | সম্পাদনায় ওসমান গনি ও কামরুল ইসলাম |
| 260 ## - PUBLICATION, DISTRIBUTION, ETC. (IMPRINT) | |
| Place of publication, distribution, etc. | ঢাকা : |
| Name of publisher, distributor, etc. | খোশরোজ কিতাব মহল, |
| Date of publication, distribution, etc. | ১৯৭৪ |
| 300 ## - PHYSICAL DESCRIPTION | |
| Pagination | ৩৪০ পৃ. ; |
| Size | ২৩ সেমি. |
| 650 ## - SUBJECT ADDED ENTRY--TOPICAL TERM | |
| Topical term or geographic name as entry element | অপরাধ আইন |
| 9 (RLIN) | 188275 |
| Topical term or geographic name as entry element | Criminal Code |
| 9 (RLIN) | 188276 |
| 700 ## - ADDED ENTRY--PERSONAL NAME | |
| Personal name | গনি, ওসমান |
| Personal name | ইসলাম, কামরুল |
| 942 ## - ADDED ENTRY ELEMENTS (KOHA) | |
| Source of classification or shelving scheme | Dewey Decimal Classification |
| Koha item type | Books |
| Lost status | Source of classification or shelving scheme | Damaged status | Not for loan | Collection code | Permanent Location | Current Location | Shelving location | Date acquired | Source of acquisition | Cost, normal purchase price | Total Checkouts | Full call number | Date last seen | Copy number | Koha item type |
|---|---|---|---|---|---|---|---|---|---|---|---|---|---|---|---|
| Dewey Decimal Classification | Not For Loan | Non-fiction | Central Library, University of Rajshahi | Central Library, University of Rajshahi | Reading Room | 06/04/1977 | Youreka book agency, Rajshahi. | 12.00 | B 345.01 BAN 1974 | 29/01/2017 | C-1 | Books |